[Event "Hokkaido Ch.2017"]
[Site "Sapporo"]
[Date "2017.03.26"]
[Round "4.7"]
[White "Sato, Yasuji"]
[Black "Sato, Takeru"]
[Result "0-1"]
[WhiteElo "1555"]
[BlackElo "1230"]
[Annotator "Nishimori,Toshiyuki"]
[PlyCount "72"]
[TimeControl "240+2"]

{256MB, Fritz11.ctg, TN080515} 1. e4 Nf6 2. e5 Nd5 3. d4 d6 4. Nf3 Nc6 5. Bc4
Nb6 6. Bxf7+ Kxf7 7. Ng5+ Kg8 8. e6 h6 9. Nf7 Qe8 10. Qh5 Bxe6 11. Nxh6+ gxh6
12. Qh4 Qg6 13. Nc3 Nd5 14. Ne4 Nxd4 15. O-O Nf3+ 16. Kh1 Nxh4 17. Ng3 Bg7 18.
c3 Rf8 19. f3 Be5 20. Rf2 Bxg3 21. hxg3 Qxg3 22. Kg1 Bh3 23. Kf1 Nxg2 24. Ke2
Ngf4+ 25. Bxf4 Nxf4+ 26. Ke3 Nd5+ 27. Ke2 Bg4 28. Raf1 Bh3 29. Re1 Bg2 30. Rg1
Bxf3+ 31. Rxf3 Qxg1 32. Rxf8+ Kxf8 33. c4 Qe3+ 34. Kd1 Qd3+ 35. Kc1 Nb4 36. b3
Qc2# 0-1

[Event "Hokkaido Ch.2017"]
[Site "Sapporo"]
[Date "2017.03.26"]
[Round "4.8"]
[White "Kudo, Sonosuke"]
[Black "Kimura, Yusei"]
[Result "0-1"]
[WhiteElo "952"]
[BlackElo "1009"]
[Annotator "Nishimori,Toshiyuki"]
[PlyCount "70"]
[TimeControl "240+2"]

{256MB, Fritz11.ctg, TN080515} 1. e4 e5 2. Nf3 Nc6 3. Bc4 Bc5 4. O-O d6 5. d3
Bg4 6. h3 Bh5 7. g4 Bg6 8. Ng5 Qe7 9. Nxf7 Bxf7 10. Bxf7+ Qxf7 11. Be3 Bd4 12.
Bxd4 Nxd4 13. Qd2 Nf3+ 14. Kg2 Nxd2 15. Nxd2 O-O-O 16. Nf3 h6 17. d4 Rf8 18.
Nd2 exd4 19. b3 d5 20. exd5 Qxd5+ 21. f3 Rf6 22. Rae1 Re6 23. Rxe6 Qxe6 24. Ne4
Nf6 25. Nc5 Qc6 26. b4 Nd7 27. Nxd7 Qxd7 28. Rc1 Qa4 29. c3 d3 30. Re1 Qxa2+
31. Kg1 d2 32. Rf1 Re8 33. Kf2 d1=Q+ 34. Kg1 Re1 35. Rxe1 Qxe1# 0-1

[Event "Hokkaido Ch.2017"]
[Site "Sapporo"]
[Date "2017.03.26"]
[Round "5.2"]
[White "Yoshii, Yukihiko"]
[Black "Yamada, Akihiro"]
[Result "1-0"]
[WhiteElo "1828"]
[BlackElo "1970"]
[PlyCount "157"]

1. c4 Nf6 2. Nc3 c6 3. d4 d5 4. cxd5 cxd5 5. Nf3 e6 6. a3 a6 7. Bg5 Nbd7 8. e3
h6 9. Bh4 Qa5 10. b4 Qb6 11. Rc1 Qa7 12. Bd3 Bd6 13. O-O b5 14. Bg3 Bxg3 15.
hxg3 Bb7 16. Nd2 O-O 17. Qe2 Rfc8 18. Nb3 Rab8 19. g4 Qb6 20. f3 Qd8 21. Qf2
Rc7 22. Rc2 e5 23. Nc5 Nxc5 24. bxc5 e4 25. Be2 Bc8 26. Rb1 Re7 27. Nd1 Be6 28.
Qg3 Ra8 29. Rb3 Qc7 30. f4 Bd7 31. Rbc3 Bc6 32. g5 hxg5 33. Qxg5 Nh7 34. Qh4 f5
35. Nf2 Re6 36. Nh3 Rh6 37. Qg3 Kh8 38. Kf2 Rf8 39. Rc1 Rff6 40. Rh1 Rfg6 41.
Qh2 Nf6 42. Qg1 Kg8 43. Ng5 Be8 44. Rc1 Rxh1 45. Qxh1 Rh6 46. Qg1 Bh5 47. g3
Nh7 48. Nxh7 Kxh7 49. Bxh5 Rxh5 50. g4 fxg4 51. Qxg4 Rh6 52. Rg1 Qf7 53. Rg2 a5
54. Qg3 b4 55. axb4 axb4 56. Ke2 Qd7 57. f5 Ra6 58. Rh2+ Kg8 59. Qb8+ Kf7 60.
Rh8 Ra2+ 61. Ke1 Ra1+ 62. Kd2 Qe7 63. c6 Ra2+ 64. Kc1 Ra7 65. Qg8+ Kf6 66. Qh7
Qf7 67. Qh4+ g5 68. Rh6+ Kxf5 69. Qh3+ g4 70. Rh5+ Kf6 71. Qxg4 Ra1+ 72. Kb2
Rf1 73. Rh6+ Ke7 74. Qd7+ Kf8 75. Qd8+ Qe8 76. Qxe8+ Kxe8 77. Rh8+ Ke7 78. c7
Rf2+ 79. Kb3 1-0

[Event "Hokkaido Ch.2017"]
[Site "Sapporo"]
[Date "2017.03.26"]
[Round "5.3"]
[White "Shibuya, Kaisei"]
[Black "Sato, Tsubasa"]
[Result "1-0"]
[WhiteElo "1529"]
[BlackElo "1677"]
[PlyCount "107"]

1. e4 e5 2. Nf3 Nc6 3. Bc4 Nf6 4. d3 h6 5. O-O Bc5 6. c3 d6 7. Re1 Bg4 8. Nbd2
O-O 9. Nf1 Ne7 10. Bb3 c6 11. h3 Bh5 12. Ng3 Bg6 13. Nh4 Qb6 14. Qf3 Rae8 15.
Nxg6 Nxg6 16. Bxh6 Bxf2+ 17. Qxf2 Qxf2+ 18. Kxf2 gxh6 19. Nf5 Kh7 20. Nxd6 Rd8
21. Nxb7 Rxd3 22. Nc5 Rd2+ 23. Re2 Rfd8 24. g3 Kg7 25. Ke3 Rxe2+ 26. Kxe2 Nh5
27. Kf3 Rd2 28. Na4 Rd3+ 29. Ke2 Rxg3 30. Rf1 Nhf4+ 31. Kf2 Rg2+ 32. Ke1 Rg3
33. Nc5 Rxh3 34. Bc2 Re3+ 35. Kd1 h5 36. Nd3 Nxd3 37. Bxd3 Rxd3+ 38. Ke2 Nf4+
39. Rxf4 exf4 40. Kxd3 h4 41. Ke2 h3 42. Kf2 Kg6 43. c4 Kf6 44. Kf3 Ke5 45. b4
Kd4 46. c5 Kc4 47. a3 Kb3 48. b5 Kc3 49. bxc6 Kd3 50. c7 h2 51. Kg2 f3+ 52.
Kxh2 f2 53. c8=Q f1=Q 54. Qa6+ 1-0

[Event "Hokkaido Ch.2017"]
[Site "Sapporo"]
[Date "2017.03.26"]
[Round "5.4"]
[White "Watanabe, Katsumi"]
[Black "Hakamada, Eiji"]
[Result "1-0"]
[WhiteElo "1732"]
[BlackElo "1432"]
[PlyCount "115"]

1. d4 Nf6 2. c4 e6 3. Nf3 Bb4+ 4. Nc3 O-O 5. e3 d5 6. Be2 dxc4 7. Bxc4 c5 8.
O-O cxd4 9. Nxd4 Bd7 10. Qc2 Qc7 11. Ncb5 Bxb5 12. Nxb5 Qe5 13. Be2 Nc6 14. Bd2
a6 15. Bc3 Bxc3 16. Nxc3 Rac8 17. Rfd1 Rfd8 18. Qb3 Qc7 19. Bf3 h6 20. Rdc1 Qb8
21. h3 Qa7 22. a4 Na5 23. Qb4 b6 24. Qa3 Nc4 25. Qa2 Rd2 26. Rab1 Ne5 27. Bd1
Nd3 28. Rc2 Rxc2 29. Bxc2 Nb4 30. Qb3 Nxc2 31. Qxc2 Nd5 32. Qb3 Nxc3 33. bxc3
Qc7 34. Rc1 Qc4 35. Qxb6 Qxa4 36. Qb2 Qc4 37. Ra1 Rc6 38. Qb4 Qb5 39. Qxb5 axb5
40. Ra3 f5 41. Rb3 Rc5 42. Kf1 Kf7 43. Ke2 e5 44. Kd3 Ke6 45. f3 g5 46. e4 f4
47. Ra3 Rc6 48. Ra7 Rd6+ 49. Kc2 Rb6 50. Rh7 Rb8 51. Rxh6+ Kf7 52. Rd6 Rb7 53.
Kb3 Rb8 54. Kb4 Rb7 55. Rd5 Ke6 56. Rxb5 Rc7 57. Rb6+ Kf7 58. c4 1-0

[Event "Hokkaido Ch.2017"]
[Site "Sapporo"]
[Date "2017.03.26"]
[Round "5.5"]
[White "Sato, Takeru"]
[Black "Ito, Katsuhide"]
[Result "1-0"]
[WhiteElo "1230"]
[BlackElo "1328"]
[PlyCount "57"]

1. d4 d5 2. Bf4 Nf6 3. e3 e6 4. Bd3 Bd6 5. Bxd6 Qxd6 6. c3 O-O 7. Nf3 Nc6 8.
O-O a6 9. Qe2 Re8 10. Nbd2 Bd7 11. h3 e5 12. Nh2 e4 13. Bc2 Ne7 14. Kh1 Ng6 15.
Rg1 Bb5 16. c4 dxc4 17. Nxc4 Qb4 18. b3 Rad8 19. a4 Bc6 20. Rgf1 b5 21. axb5
Bxb5 22. g4 Ne5 23. dxe5 Bxc4 24. Qxc4 Nd5 25. Bxe4 Rxe5 26. Bxd5 Qd2 27. Bxf7+
Kh8 28. Nf3 Re7 29. Nxd2 1-0

[Event "Hokkaido Ch.2017"]
[Site "Sapporo"]
[Date "2017.03.26"]
[Round "5.6"]
[White "Kimura, Kaisei"]
[Black "Manabe, Hiroaki"]
[Result "0-1"]
[WhiteElo "1009"]
[BlackElo "1755"]
[PlyCount "60"]

1. e4 Nf6 2. Nc3 d5 3. exd5 Nxd5 4. Nxd5 Qxd5 5. Nf3 Nc6 6. Be2 e5 7. d3 Bg4 8.
O-O O-O-O 9. c4 Qd7 10. b3 h5 11. a3 Qf5 12. Nh4 Bxe2 13. Nxf5 Bxd1 14. Rxd1 e4
15. d4 g6 16. Bg5 gxf5 17. Bxd8 Kxd8 18. d5 Ne5 19. Re1 Rg8 20. h3 Nf3+ 21. Kf1
Nxe1 22. Rxe1 Bxa3 23. Ra1 Bc5 24. b4 Bd4 25. Rd1 Bc3 26. b5 f4 27. d6 Rg6 28.
c5 cxd6 29. cxd6 Kd7 30. Rc1 Ba5 0-1

[Event "Hokkaido Ch.2017"]
[Site "Sapporo"]
[Date "2017.03.26"]
[Round "5.7"]
[White "Koyahata, Taku"]
[Black "Sato, Yasuji"]
[Result "1-0"]
[WhiteElo "1349"]
[BlackElo "1555"]
[PlyCount "49"]

1. d4 d5 2. c4 e5 3. e3 Bb4+ 4. Nc3 exd4 5. exd4 Nf6 6. a3 Bxc3+ 7. bxc3 O-O 8.
Bd3 Re8+ 9. Ne2 Ng4 10. O-O Qh4 11. h3 Nf6 12. Nf4 g5 13. Nxd5 Nxd5 14. cxd5 g4
15. Re1 Rf8 16. Re3 gxh3 17. Rg3+ Kh8 18. Bg5 Qxg3 19. fxg3 f6 20. Qh5 f5 21.
Re1 Bd7 22. Re7 h2+ 23. Kxh2 Rf7 24. Qxf7 f4 25. Qxh7# 1-0